Musical Instruments by Letter (I-O) - Statistics

General Stats
  • This quiz has been taken 14 times
  • The average score is 6 of 14
Answer Stats
Hint Answer % Correct
Most common double reed instrument Oboe
93%
Keyboard instrument with pipes and pedals Organ
93%
Shaker commonly used in Latin music Maraca
71%
Vessel flute best known for usage in a video game Ocarina
71%
String instrument best known for usage in Ancient Greece Lyre
64%
Similar to a xylophone, but with a lower and larger range Marimba
64%
String instrument with a body shaped like half of an egg Lute
57%
Keyboard played by blowing through a mouthpiece Melodica
36%
Despite the name, has no relation to Jewish culture Jew's harp
29%
Small wooden board with pluckable metal prongs Kalimba
29%
Synthesizer shaped like a eighth note with a mouth as a speaker Otomatone
21%
Swedish bowed string instrument with keys that act as frets Nyckelharpa
14%
Hawaiian instrument made from gourds Ipu
0%
Cymbals in a small wooden block (similar to castanets) Khartal
0%
No matching quizzes found
Score Distribution
Percent of People with Each Score
Percentile by Number Answered
Your Score History
You have not taken this quiz